Efektívnosť kvantitatívneho uvoľňovania menovej politiky Eurosystému diplomová práca

Salvato in:
Dettagli Bibliografici
Autore principale: Kuťková, Veronika
Ente Autore: Národohospodárska fakulta EU. Katedra bankovníctva a medzinárodných financií
Altri autori: Kotlebová, Jana, 1969-
Natura: Libro
Lingua:slovacco
Pubblicazione: Bratislava 2016
Tags: Aggiungi Tag
Nessun Tag, puoi essere il primo ad aggiungerne!!

MARC

LEADER 00000nbm a2200000 4500
001 0217911
005 20161124145903.3
041 0 |a slo 
044 |a SK 
245 1 0 |a Efektívnosť kvantitatívneho uvoľňovania menovej politiky Eurosystému  |b diplomová práca  |c Veronika Kuťková ; školiteľ: Jana Kotlebová 
264 1 |a Bratislava  |c 2016 
300 |a 81 s. 
100 1 |a Kuťková, Veronika 
700 1 |a Kotlebová, Jana, 1969- 
710 2 |a Národohospodárska fakulta EU. Katedra bankovníctva a medzinárodných financií